Dates histoire ancienne CAPES - Statistiques

Statistiques générales
  • Ce quiz a été pris 89 fois
  • Le résultat moyen est 19 sur 62
Statistiques - réponses
Hint Réponse % Correct
Bataille du Pont Milvius et victoire de Constantin sur Maxence 312
66%
Division de l’Empire entre Occident et Orient dirigés par les deux fils de Théodose, Honorius (Occident) et Arcadius (Orient) 395
66%
Création de la Tétrarchie 293
63%
Mort de Dioclétien et Galère, qui marque l’abandon du système tétrarchique 311
54%
Début de « l’Empire des Gaules » (Gaule, Bretagne, Espagne) avec la proclamation de Postumus qui assassine Salonin (César associé à Gallien). Pas un empire séparatiste mais une entreprise d’auto-défense dans un contexte où Rome ne peut pas défendre la Gaule 260
51%
Édit de Milan et liberté de culte accordée aux chrétiens et aux juifs 313
51%
Création de la garde prétorienne (garde personnelle de l’empereur) -2
49%
Assassinat de Caracalla par le préfet du prétoire Macrin 217
49%
Premier édit de persécution de Dèce contre les chrétiens qui refusent de faire le sacrifice 250
49%
Fin de l’Empire des Gaules quand Tétricus se soumet à Aurélien 274
49%
Constantin (fils de Constance Chlore) se proclame Auguste + Maxence (fils de Maximien Hercule) est proclamé à Rome par la garde prétorienne 306
49%
Sac de Rome par les Wisigoths d’Alaric Ier (aucune réaction d’Honorius) 410
46%
Deuxième guerre dacique. Victoire de Trajan et conquête de la Dacie (Roumanie) 106
43%
Trajan accepte son titre d’Optimus Princeps offert par le Sénat 114
43%
Reprise des persécutions contre les chrétiens par Dioclétien et fin de la « petite paix de l’Église » 303
43%
Édit de Sardique par Galère qui met fin aux persécutions contre les chrétiens 311
43%
Réforme monétaire de Constantin et création du solidus (monnaie d’or) qui freine l’inflation 312
40%
Conversion de Constantin au christianisme 312
40%
Réformes de Constantin : création du consistoire ; réforme des bureaux palatins réunis en 4 ministères ; dissolution de la garde prétorienne remplacée par les scholes palatines ; les sénateurs récupèrent les hautes fonctions en province ; création de 12 diocèses dirigés par les vicaires ; création de 4 préfectures du prétoire dirigées par les préfets du prétoire ; exemption de munus pour les sénateurs, chevaliers et prêtres ; création de la gleba senatoria (un impôt payé par les sénateurs) ; recensement général tous les 15 ans. 324
40%
Victoire de Constantin sur Licinius. Rétablissement de la monarchie avec Constantin comme seul dirigeant de l’Empire 324
40%
Édit de Caracalla ou Constitution Antonine. La citoyenneté romaine est accordée à tous les hommes libres de l’Empire + toutes les cités de l’empire deviennent romaines 212
37%
Capture de Valérien à Édesse par le roi parthe Sapor Ier qui demande une rançon. Le procurateur a rationibus Macrien refuse de payer et Valérien meurt en captivité 260
37%
Fin de la sécession de Palmyre, reconquise par Aurélien. Pas un empire séparatiste mais une prise en charge de la défense de l’Orient par Odenath et Zénobie 272
37%
Réformes de Dioclétien : provincialisation de l’Italie ; suppression de la distinction province impériale/sénatoriale ; division des provinces ; création des agentes in rebus et des curateurs permanents ; réforme fiscale avec la capitatio-jugatio ; la levée des impôts devient un munus des susceptores (curiales) qui remplacent les procurateurs du Haut-Empire ; création de l’annone militaire ; recensement général tous les 5 ans ; réforme monétaire et création du nummus (billon). 290
37%
Réforme militaire par Septime Sévère. Augmentation de la solde de l’armée qui déséquilibre le budget de l’empire + militarisation de l’Italie par le doublement du nombre de soldats dans la garde prétorienne (15000 hommes) + installation de la légion parthique à Albano (8000 hommes) 194
34%
Funérailles d’Auguste qui instaurent le culte du divus (empereurs morts) qui s’ajoute au culte du genius (empereurs vivants). 14
31%
Odenath, prince de Palmyre, repousse les Perses de Sapor Ier et contrôle l’Orient après la mort de Valérien (fidèle à Rome mais très autonome) 260
31%
Édit de tolérance de Gallien à l’égard des chrétiens, et début de la « petite paix de l’Église » 260
31%
Avènement de Dioclétien, fin du Principat et début du Dominat 284
31%
Panégyrique de Trajan de Pline le Jeune qui présente Trajan comme le meilleur des sénateurs 100
29%
Victoire de Septime Sévère face à Clodius Albinius (usurpateur) à la Bataille de Lyon. Suppression des aides versées par Rome à Lyon car la ville a soutenu Clodius Albinus 197
29%
Renouvellement de la tétrarchie. Les Augustes abdiquent, remplacés par les Césars Galère et Constance Chlore qui choisissent leurs propres Césars 305
29%
Mort de Trajan Dèce pendant une bataille contre les Goths qui traversent le Rhin. Premier empereur romain tué au combat qui marque le début de la crise militaire 251
26%
Usurpation du procurateur a rationibus Macrien 260
26%
Réformes d'Auguste sur les provinces publiques/sénatoriales + les impôts directs levés par les procurateurs + les cohortes urbaines/vigiles à Rome. -27
26%
Constance II transfère les vectigalia (revenus des cités de province) à la Largesse Sacrée (caisse de l’État) : les cités perdent leur autonomie financière 350
26%
Le général militaire Maxime organise l’assassinat de Gratien et demande à être légitimé par Théodose qui accepte (seul usurpateur à avoir été reconnu comme empereur) 383
26%
Édit de Tessalonique. Le christianisme devient la religion officielle de l’Empire, et les autres cultes (dont le paganisme) sont interdits 392
26%
Pline le Jeune est gouverneur de Bithynie et Pont et communique avec Trajan à propos des chrétiens de sa province 111
23%
Mur d’Hadrien entre la Bretagne et la Calédonie qui fixe les frontières de l’empire 122
23%
Zénobie (femme d’Odenath), proclame son fils Wahballat comme « imperator », « Auguste » et « dux romanorum » et contrôle tout l’Orient 270
23%
Fondation de Aelia Capitolina (Jérusalem), l’une des dernières colonies romaines. 130
20%
Mur d’Antonin au nord du mur d’Hadrien 140
20%
Code Grégorien, recueil des rescrits impériaux de la Tétrarchie par Gregorius 291
20%
Prise de Séleucie du Tigre et Ctésiphon (métropoles parthes) par Trajan, qui prend le surnom de « Parthicus » 116
17%
Révolte juive en Judée menée par Simon Bar Kokhba (élu roi d’un état juif indépendant de Rome) en réaction à l’installation du temple de Jupiter à Jérusalem. Les légions des provinces voisines viennent aider la légion de Palestine pour réprimer les Juifs et leur interdire de revenir à Jérusalem 132-135
17%
Suppression des conductores pour lever l’impôt indirect, remplacés par des procurateurs financiers employés par l’État (qui levaient déjà l’impôt direct) 190
17%
Marbre de Torigny (Vieux, Normandie) gravé des lettres entre Solemnis (notable local devenu prêtre du culte des Trois Gaules) et Polinus (gouverneur de Lyonnaise) 238
17%
Édit de Valérien qui interdit le culte chrétien et oblige les clercs à sacrifier aux dieux païens 257
17%
Réforme de Gallien et exclusion des sénateurs du commandement des légions et des provinces impériales, remplacés par des chevaliers praesides (souvent illyriens) 262
17%
Création du Sénat de Constantinople 351
17%
Révolte juive en Égypte et à Chypre, élection d'un roi par les Juifs et répression par Marcius Turbo 115-117
14%
Peste antonine et baisse démographique 165-190
14%
Création du poste de dux qui contrôle plusieurs provinces pour mieux les défendre 250
14%
Révolte des Bagaudes en Gaule réprimée par Maximien Hercule 285
14%
Création du groupe des principales (composé de 10 curiales) chargé de répartir les munera aux notables de la cité + assure la gestion globale de la cité 370
14%
Procès d’Apulée à Sabratha, chef lieu d’un conventus de la province d’Afrique 158
11%
Les citoyens romains et le sol italien sont exemptés du tributum, pris en charge par les provinces (pérégrins et sol pérégrin). Exception pour les colonies romaines qui obtiennent le droit italique. -167
11%
Création de l’Antoninien avec une teneur en argent plus faible que le denier. Stratégie pour limiter le déséquilibre du budget de l’État causé par la hausse des soldes de l’armée 215
11%
Toutes les métropoles des nomes d’Égypte deviennent des cités (poliadisation) 200
9%
Révolte de Maternus qui rassemble des soldats démobilisés en Gaule devenus brigands. Révolte réprimée par Septime Sévère, le gouverneur de Lyonnaise 185-187
6%
Révolte des Boukoloi (brigands) en Égypte réprimée par le gouverneur de Syrie 165-172
3%
Aucun quiz correspondant
Distribution des résultats
% des personnes avec chaque résultat
Percentile par nombre de réponses
Votre historique - résultats
Vous n’avez pas pris ce quiz